Management Accounting (Record no. 5256)

MARC details
000 -LEADER
fixed length control field 00498cam a2200193ua 4500
008 - FIXED-LENGTH DATA ELEMENTS--GENERAL INFORMATION
fixed length control field 131120n ii |||gr||||Z||||||eng
020 ## - INTERNATIONAL STANDARD BOOK NUMBER
International Standard Book Number 81-272-2187-2
040 ## - CATALOGING SOURCE
Transcribing agency MAIN
082 ## - DEWEY DECIMAL CLASSIFICATION NUMBER
Classification number 658.1511
245 ## - TITLE STATEMENT
Title Management Accounting
Statement of responsibility, etc. By Shashi K. Gupta
260 ## - PUBLICATION, DISTRIBUTION, ETC.
Place of publication, distribution, etc. Ludhiana:
Name of publisher, distributor, etc. Kalyani Publishers,
Date of publication, distribution, etc. 2005.
300 ## - PHYSICAL DESCRIPTION
Extent x,13.70p.
700 ## - ADDED ENTRY--PERSONAL NAME
Personal name Shashi K. Gupta,
Relator term
700 ## - ADDED ENTRY--PERSONAL NAME
Personal name Sharma,R.K.,
Relator term
942 ## - ADDED ENTRY ELEMENTS (KOHA)
Koha item type Books
653 ## - INDEX TERM--UNCONTROLLED
Uncontrolled term Commerce
653 ## - INDEX TERM--UNCONTROLLED
Uncontrolled term Management Accounting
Holdings
Withdrawn status Lost status Damaged status Not for loan Home library Current library Shelving location Date acquired Total Checkouts Full call number Barcode Date last seen Copy number Price effective from Koha item type Source of classification or shelving scheme Collection code Cost, normal purchase price Date last checked out
        Naharkatiya College Library Naharkatiya College Library General Stacks 19/09/2020   658.1511 | SHA 19978 19/09/2020 1 19/09/2020 Books        
        Naharkatiya College Library Naharkatiya College Library General Stacks 21/02/2022 1 658.1511 18221 04/03/2022 2 21/02/2022 Books Dewey Decimal Classification Commerce 375.00 21/02/2022

Naharkatiya College © 2020. All rights reserved.

Powered By